| Поле | Инд. | ПП | Название | Значение |
|---|---|---|---|---|
| Тип записи | a | |||
| Библиографический уровень | m | |||
| 001 | Контрольный номер | 26f59d62-4dec-4359-a6d2-180bc4971c38 | ||
| 005 | Дата корректировки | 20180409143609.4 | ||
| 008 | Кодируемые данные | 030115 | ||
| 040 | a | Служба первич. каталог. | НБ ТвГУ | |
| 041 | a | Код языка текста | rus | |
| 080 | a | Индекс УДК | 801.73(075.8) | |
| 084 | a | Индекс другой классификации/Индекс ББК | Ш107в6я731-1 | |
| a | Индекс другой классификации/Индекс ББК | Ш09я731-1 | ||
| a | Индекс другой классификации/Индекс ББК | Ш401.171.1я731-1 | ||
| 090 | a | Полочн. индекс | Ш107в6 | |
| x | Авторский знак | К85 | ||
| 100 | 1_ | a | Автор | Крюкова Наталья Федоровна |
| 245 | 10 | a | Заглавие | Системное описание текстовых средств непрямой номинации |
| b | Продолж. заглавия | учеб. пособие | ||
| c | Ответственность | Н. Ф. Крюкова ; Твер. гос. ун-т | ||
| 260 | 0_ | a | Место издания | Тверь |
| b | Издательство | Тверской государственный университет | ||
| c | Дата издания | 2001 | ||
| 300 | a | Объем | 104 с. | |
| 504 | a | Библиография | Библиогр.: с.98-104. | |
| 650 | a | Основная рубрика | Языкознание | |
| x | Основная подрубрика | Анализ текста | ||
| x | Основная подрубрика | Стилистика | ||
| 650 | a | Основная рубрика | Текст (лингв.) | |
| x | Основная подрубрика | Метафоризация | ||
| x | Основная подрубрика | Учебники для вузов | ||
| 650 | a | Основная рубрика | Герменевтика | |
| 650 | a | Основная рубрика | Текстология | |
| 650 | a | Основная рубрика | Лингвостилистический анализ | |
| 650 | a | Основная рубрика | Изобразительные средства языка | |
| x | Основная подрубрика | Метафоры | ||
| x | Основная подрубрика | Тропы | ||
| x | Основная подрубрика | Фигуры речи | ||
| 653 | a | Ключевые слова | Анализ текста | |
| a | Ключевые слова | Герменевтика | ||
| a | Ключевые слова | Изобразительные средства языка | ||
| a | Ключевые слова | Лингвостилистический анализ | ||
| a | Ключевые слова | Метафоризация | ||
| a | Ключевые слова | Метафоры | ||
| a | Ключевые слова | Понимание текста | ||
| a | Ключевые слова | Рефлексия | ||
| a | Ключевые слова | Стилистика | ||
| a | Ключевые слова | Текст (лингв.) | ||
| a | Ключевые слова | Текстология | ||
| a | Ключевые слова | Тропы | ||
| a | Ключевые слова | Учебники | ||
| a | Ключевые слова | Фигуры речи | ||
| a | Ключевые слова | Языкознание | ||
| 856 | u | URL | http://texts.lib.tversu.ru/texts2/00063ucheb.pdf | |
| x | Примечание для ЭОР | Реестр суммарного учета сетевых локальных документов | ||
| 930 | a | Новая/Ретро | полный текст | |
| a | Новая/Ретро | учебники | ||
| 952 | c | Вид литературы | К ру | |
| 954 | a | Дата поступления на обработку | 20030115 |